Laddar...
DELHI IRON PILLAR: NEW INSIGHTS
| Huvudupphovsman: | |
|---|---|
| Materialtyp: | Printed Book |
| Publicerad: |
SIMLA
INDIAN INSTITUTE OF ADVANCED STUDY
2002
|
| Ämnen: |
| LEADER | 00642nam a2200229 4500 | ||
|---|---|---|---|
| 020 | |c 0.0 | ||
| 082 | |a 722.4456 BAL | ||
| 100 | |a BALASUBRAMANIAM, R | ||
| 245 | |a DELHI IRON PILLAR: NEW INSIGHTS |h ENGLISH | ||
| 250 | |||
| 260 | |a SIMLA |b INDIAN INSTITUTE OF ADVANCED STUDY |c 2002 | ||
| 300 | |||
| 500 | |a | ||
| 501 | |a Architecture | ||
| 538 | |||
| 590 | |||
| 630 | |||
| 650 | |a DELHI IRON PILLAR-- NEW INSIGHTS | ||
| 700 | |||
| 942 | |c BK | ||
| 999 | |c 179398 |d 179398 | ||
| 952 | |0 0 |1 0 |4 0 |6 722_445600000000000_BAL |7 0 |9 192761 |a AGY |b AGY |g 0.00 |l 0 |o 722.4456 BAL |p AGY3607 |r 2019-10-25 |w 2019-10-25 |y BK | ||